50 Biggest Cities in Tōhoku Region - Statistics

General Stats
  • This quiz has been taken 90 times
  • The average score is 29 of 50
Answer Stats
Rank Population Prefecture Answer % Correct
4 307,885 Akita Akita
100%
7 275,340 Aomori Aomori
100%
6 282,802 Fukushima Fukushima
100%
8 247,747 Yamagata Yamagata
98%
1 1,097,196 Miyagi Sendai
95%
5 289,893 Iwate Morioka
89%
3 327,872 Fukushima Kōriyama
86%
9 223,529 Aomori Hachinohe
84%
10 168,564 Aomori Hirosaki
82%
2 333,202 Fukushima Iwaki
80%
17 100,320 Yamagata Sakata
75%
14 117,433 Fukushima Aizuwakamatsu
70%
11 140,237 Miyagi Ishinomaki
68%
18 93,234 Iwate Hanamaki
64%
16 111,970 Iwate Ichinoseki
64%
32 60,420 Aomori Towada
64%
13 122,454 Yamagata Tsuruoka
64%
21 81,326 Yamagata Yonezawa
64%
19 93,089 Iwate Kitakami
61%
37 54,122 Aomori Mutsu
61%
12 127,381 Miyagi Ōsaki
59%
30 62,166 Yamagata Tendō
59%
20 85,584 Akita Yokote
59%
42 50,401 Iwate Miyako
57%
22 78,757 Miyagi Natori
55%
33 59,531 Fukushima Shirakawa
55%
15 113,027 Iwate Ōshū
52%
23 77,715 Akita Daisen
50%
43 50,005 Akita Noshiro
50%
27 69,280 Akita Ōdate
50%
31 61,171 Miyagi Kesennuma
48%
49 39,181 Aomori Misawa
48%
35 58,250 Fukushima Date
45%
46 44,091 Miyagi Iwanuma
45%
28 64,686 Miyagi Kurihara
45%
39 52,249 Miyagi Shiogama
45%
41 51,435 Aomori Goshogawara
43%
29 63,276 Miyagi Tagajō
43%
26 74,763 Akita Yurihonjō
43%
44 47,725 Yamagata Higashine
41%
34 59,053 Fukushima Minamisōma
41%
38 53,593 Fukushima Nihonmatsu
41%
47 42,096 Akita Yuzawa
41%
50 39,121 Miyagi Higashimatsushima
39%
45 44,810 Fukushima Kitakata
39%
25 75,039 Fukushima Sukagawa
36%
24 76,103 Miyagi Tome
34%
48 40,208 Yamagata Sagae
32%
36 55,600 Iwate Takizawa
32%
40 51,659 Miyagi Tomiya
32%
No matching quizzes found
Score Distribution
Percent of People with Each Score
Percentile by Number Answered
Your Score History
You have not taken this quiz